=LDR 00000nam 2200000 4500 =001 NUTBA000000000004834 =005 20230116113700 =035 ##$$a 0010-101400000000064 =008 230116###########################0###### =020 ##$$a 978-979-22-2695-9 =082 ##$$a 380.1 =100 ##$$a Istijanto =245 1#$$a Seni menaklukkan penjual dengan negosiasi : $b Plus 12 Prinsip, 12 Strategi, dan 12 Kesalahan Negosiasi =260 ##$$a Jakarta :$b Gramedia Pustaka Utama,$c 2007 =300 ##$$a xi,206 Hlm ; $c 23 Cm =850 ##$$a NBPNMAT =084 ##$$a 380.1 IST s =990 ##$$a 0001/BPAP-NTB/20142014 =990 ##$$a 0001/BPAP-NTB/20142015 =990 ##$$a 0001/BPAP-NTB/2016 =990 ##$$a 0001/BPAP-NTB/20142014 =990 ##$$a 0001/BPAP-NTB/20142015 =990 ##$$a 0001/BPAP-NTB/2016